Mechanisms of Arsenic Toxicity and Tolerance in Plants / (Record no. 615682)

000 -LEADER
fixed length control field 04905cam a22005535i 4500
001 - CONTROL NUMBER
control field 21816576
005 - DATE AND TIME OF LATEST TRANSACTION
control field 20251223143138.0
006 - FIXED-LENGTH DATA ELEMENTS--ADDITIONAL MATERIAL CHARACTERISTICS
fixed length control field m |o d |
007 - PHYSICAL DESCRIPTION FIXED FIELD--GENERAL INFORMATION
fixed length control field cr |||||||||||
008 - FIXED-LENGTH DATA ELEMENTS--GENERAL INFORMATION
fixed length control field 181119s2018 si |||| o |||| 0|eng
010 ## - LIBRARY OF CONGRESS CONTROL NUMBER
LC control number 2019762320
020 ## - INTERNATIONAL STANDARD BOOK NUMBER
International Standard Book Number 9789811312922
024 7# - OTHER STANDARD IDENTIFIER
Standard number or code 10.1007/978-981-13-1292-2
Source of number or code doi
035 ## - SYSTEM CONTROL NUMBER
System control number 21816576
035 ## - SYSTEM CONTROL NUMBER
System control number (DE-He213)978-981-13-1292-2
040 ## - CATALOGING SOURCE
Original cataloging agency DLC
Language of cataloging eng
Description conventions pn
-- rda
Transcribing agency DLC
072 #7 - SUBJECT CATEGORY CODE
Subject category code PST
Source thema
072 #7 - SUBJECT CATEGORY CODE
Subject category code PSTD
Source bicssc
072 #7 - SUBJECT CATEGORY CODE
Subject category code SCI011000
Source bisacsh
082 04 - DEWEY DECIMAL CLASSIFICATION NUMBER
Classification number 571.2
Edition number 23
245 00 - TITLE STATEMENT
Title Mechanisms of Arsenic Toxicity and Tolerance in Plants /
Statement of responsibility, etc. edited by Mirza Hasanuzzaman, Kamrun Nahar, Masayuki Fujita.
250 ## - EDITION STATEMENT
Edition statement 1st ed. 2018.
264 #1 - PRODUCTION, PUBLICATION, DISTRIBUTION, MANUFACTURE, AND COPYRIGHT NOTICE
Place of production, publication, distribution, manufacture Singapore :
Name of producer, publisher, distributor, manufacturer Springer Singapore :
-- Imprint: Springer,
Date of production, publication, distribution, manufacture, or copyright notice 2018.
300 ## - PHYSICAL DESCRIPTION
Extent 1 online resource (XV, 508 pages 46 illustrations, 33 illustrations in color.)
336 ## - CONTENT TYPE
Content type term text
Content type code txt
Source rdacontent
337 ## - MEDIA TYPE
Media type term computer
Media type code c
Source rdamedia
338 ## - CARRIER TYPE
Carrier type term online resource
Carrier type code cr
Source rdacarrier
347 ## - DIGITAL FILE CHARACTERISTICS
File type text file
Encoding format PDF
Source rda
505 0# - FORMATTED CONTENTS NOTE
Formatted contents note 1 Arsenic Uptake and Transportation in Plants -- 2. Plant Responses to Arsenic Toxicity: Morphology and physiology -- 3. Consequences of Paddy Cultivation in Arsenic Contaminated Paddy Fields of Lower Indo-Gangetic Plane on Arsenic Accumulation Pattern and Selected Grain Quality Traits: A Preliminary Assessment -- 4.Arsenic-induced Oxidative Stress in Plants -- 5. Plants Response and Tolerance to Arsenic-induced oxidative Stress -- 6. Arsenic Toxicity in Crop Plants: Responses and Remediation Strategies -- 7. Plant's Adaptive Mechanisms Under Arsenic Pollution -- 8. Mitigating Arsenic Toxicity in Plants: Role of Microbiota -- 9. Role of Plant-Microorganism Interactions in Plant Tolerance to Arsenic -- 10. Interaction of Plants and Arbuscular Mycorrhizal Fungi in Responses to Arsenic Stress: A Collaborative Tale Useful to Manage Contaminated Soil -- 11. Potentials of Aquatic Plants and Algae for Arsenic Accumulation -- 12. Algae as a Budding Tool for Mitigation of Arsenic from Aquatic Systems -- 13. A Glimpse on Uptake Kinetics and Molecular Responses of Arsenic Tolerance in Rice Plants -- 14. Transcriptomics of Arsenic Tolerance in Plants -- 15. Agronomics Management for Arsenic Stress Mitigation. 16.Environmental Chemistry, Fate and Speciation of Arsenic in Groundwater-Soil-Crop Systems -- 17. Treatment of Arsenic Contaminated Water: Mechanism of Treatment Methods -- 18. Status of Arsenic Toxicity in the World -- 19. Arsenic toxicity: A South Asian perspective.
520 ## - SUMMARY, ETC.
Summary, etc. Arsenic is likely the most talked-about metalloid in the modern world because of its toxic effects on both animal and plants. Further, arsenic pollution is now producing negative impacts on food security, especially in many south Asian countries. Since plants are a major food source, their adaptation to As-rich environments is essential, as is being informed about recent findings on multifarious aspects of the mechanisms of arsenic toxicity and tolerance in plants. Although numerous research works and review articles have been published in journals, annual reviews and as book chapters, to date there has been no comprehensive book on this topic. This book contains 19 informative chapters on arsenic chemistry, plant uptake, toxicity and tolerance mechanisms, as well as approaches to mitigation. Readers will be introduced to the latest findings on plant responses to arsenic toxicity, various tolerance mechanisms, and remediation techniques. As such, the book offers a timely and valuable resource for a broad audience, including plant scientists, soil scientists, environmental scientists, agronomists, botanists and molecular biologists.
588 ## - SOURCE OF DESCRIPTION NOTE
Source of description note Description based on publisher-supplied MARC data.
650 #0 - SUBJECT ADDED ENTRY--TOPICAL TERM
Topical term or geographic name entry element Agriculture.
9 (RLIN) 25855
650 #0 - SUBJECT ADDED ENTRY--TOPICAL TERM
Topical term or geographic name entry element Plant biochemistry.
9 (RLIN) 132548
650 #0 - SUBJECT ADDED ENTRY--TOPICAL TERM
Topical term or geographic name entry element Plant physiology.
9 (RLIN) 132549
650 #0 - SUBJECT ADDED ENTRY--TOPICAL TERM
Topical term or geographic name entry element Soil conservation.
650 #0 - SUBJECT ADDED ENTRY--TOPICAL TERM
Topical term or geographic name entry element Soil science.
9 (RLIN) 6977
650 14 - SUBJECT ADDED ENTRY--TOPICAL TERM
Topical term or geographic name entry element Plant Physiology.
Authority record control number or standard number https://scigraph.springernature.com/ontologies/product-market-codes/L33020
9 (RLIN) 132550
650 24 - SUBJECT ADDED ENTRY--TOPICAL TERM
Topical term or geographic name entry element Agriculture.
Authority record control number or standard number https://scigraph.springernature.com/ontologies/product-market-codes/L11006
9 (RLIN) 25855
650 24 - SUBJECT ADDED ENTRY--TOPICAL TERM
Topical term or geographic name entry element Plant Biochemistry.
Authority record control number or standard number https://scigraph.springernature.com/ontologies/product-market-codes/L14021
9 (RLIN) 132548
650 24 - SUBJECT ADDED ENTRY--TOPICAL TERM
Topical term or geographic name entry element Soil Science & Conservation.
Authority record control number or standard number https://scigraph.springernature.com/ontologies/product-market-codes/U28000
9 (RLIN) 132551
700 1# - ADDED ENTRY--PERSONAL NAME
Personal name Fujita, Masayuki,
Relator term editor.
9 (RLIN) 132552
700 1# - ADDED ENTRY--PERSONAL NAME
Personal name Hasanuzzaman, Mirza,
Relator term editor.
9 (RLIN) 132535
700 1# - ADDED ENTRY--PERSONAL NAME
Personal name Nahar, Kamrun,
Relator term editor.
9 (RLIN) 132553
776 08 - ADDITIONAL PHYSICAL FORM ENTRY
Relationship information Print version:
Title Mechanisms of arsenic toxicity and tolerance in plants
International Standard Book Number 9789811312915
Record control number (DLC) 2018958709
776 08 - ADDITIONAL PHYSICAL FORM ENTRY
Relationship information Printed edition:
International Standard Book Number 9789811312915
776 08 - ADDITIONAL PHYSICAL FORM ENTRY
Relationship information Printed edition:
International Standard Book Number 9789811312939
906 ## - LOCAL DATA ELEMENT F, LDF (RLIN)
a 0
b ibc
c origres
d u
e ncip
f 20
g y-gencatlg
942 ## - ADDED ENTRY ELEMENTS (KOHA)
Source of classification or shelving scheme
Koha item type Book
Holdings
Withdrawn status Lost status Source of classification or shelving scheme Damaged status Not for loan Permanent Location Current Location Date acquired Source of acquisition Total Checkouts Full call number Barcode Date last seen Price effective from Koha item type
          Atta-ur-Rahman School of Applied Biosciences (ASAB) Atta-ur-Rahman School of Applied Biosciences (ASAB) 12/23/2025 Donation   571.2 MEC 2018 3525 ASAB3525 12/23/2025 12/23/2025 Book
© 2023 Central Library, National University of Sciences and Technology. All Rights Reserved.